Statistics for Country Superlatives

Click here to take the quiz!

General Stats

  • This quiz has been taken 139 times
  • The average score is 20 of 45

Answer Stats

Category Country % Correct
Largest Salt ProducerChina
96%
Largest Corn ProducerUnited States
96%
Largest Buckwheat ProducerRussia
89%
Largest Renewable Freshwater SourcesBrazil
82%
Largest Wool ProducerAustralia
79%
Largest Banana ProducerIndia
79%
Largest Avocado ProducerMexico
75%
Most Winter Olympics MedalsGermany
74%
Largest Olive ProducerSpain
68%
Largest Exporter of PearsArgentina
67%
Largest Artichoke ProducerItaly
64%
Largest Cinnamon ProducerIndonesia
63%
Largest Oil ExporterSaudi Arabia
63%
Largest Pistachio ProducerIran
58%
Least Corrupt CountryNew Zealand
57%
Most Eurovision WinsIreland
55%
Largest Emerald ProducerColombia
53%
Largest Proven Oil ReservesVenezuela
52%
Best Student Performance in ScienceFinland
52%
Earliest Human SettlementEthiopia
51%
Tallest PeopleNetherlands
49%
Largest Quinoa ProducerPeru
47%
Largest Fig ProducerTurkey
47%
Largest Yam ProducerNigeria
41%
Smallest PopulationVatican City
40%
Youngest CountrySouth Sudan
39%
Largest Cork ProducerPortugal
39%
Largest Apple ProducerPoland
30%
Largest Tea ExporterSri Lanka
29%
Largest Livestock of CamelsSomalia
29%
Highest Overall Life ExpectancyMonaco
29%
Most Globalized CountryBelgium
29%
Most Languages Spoken in a CountryPapua New Guinea
29%
Largest Vanilla ProducerMadagascar
22%
Largest Phosphorous ReserveMorocco
21%
Highest Valued Currency UnitKuwait
17%
Longest Alphabet in the WorldCambodia
14%
Highest Unemployement RateZimbabwe
14%
Largest Uranium ProducerKazakhstan
13%
Lowest Literacy RateBurkina Faso
10%
Smallest Number of ImmigrantsTuvalu
8%
Lowest Overall Life ExpectancySwaziland
7%
Largest Cobalt ProducerDR Congo
7%
Largest Cacao ProducerCote d'Ivoire
3%
Largest Pineapple ProducerPhilipines
2%

Score Distribution

Percentile by Number Answered

Percent of People with Each Score

Your Score History

You have not taken this quiz